
Library Catalogue

| 000 -LEADER | |
|---|---|
| fixed length control field | 01836cam a2200457 i 4500 |
| 001 - CONTROL NUMBER | |
| control field | 20996035 |
| 005 - DATE AND TIME OF LATEST TRANSACTION | |
| control field | 20240417134559.0 |
| 008 - FIXED-LENGTH DATA ELEMENTS--GENERAL INFORMATION | |
| fixed length control field | 190601s2019 enk b 001 0 eng d |
| 010 ## - LIBRARY OF CONGRESS CONTROL NUMBER | |
| LC control number | 2019942773 |
| 015 ## - NATIONAL BIBLIOGRAPHY NUMBER | |
| National bibliography number | GBB9D5483 |
| Source | bnb |
| 016 7# - NATIONAL BIBLIOGRAPHIC AGENCY CONTROL NUMBER | |
| Record control number | 019496294 |
| Source | Uk |
| 020 ## - INTERNATIONAL STANDARD BOOK NUMBER | |
| International Standard Book Number | 1786433109 |
| 020 ## - INTERNATIONAL STANDARD BOOK NUMBER | |
| International Standard Book Number | 9781786433107 |
| Qualifying information | (Hardback) |
| 035 ## - SYSTEM CONTROL NUMBER | |
| System control number | (OCoLC)on1084904279 |
| 040 ## - CATALOGING SOURCE | |
| Original cataloging agency | YDX |
| Language of cataloging | eng |
| Transcribing agency | YDX |
| Description conventions | rda |
| Modifying agency | UKMGB |
| -- | OCLCO |
| -- | OCLCF |
| -- | CHVBK |
| -- | OCLCO |
| -- | ZYF |
| -- | OCLCO |
| -- | DLC |
| 042 ## - AUTHENTICATION CODE | |
| Authentication code | lccopycat |
| 050 00 - | |
| -- | K1705 |
| -- | .R47 2019 |
| 082 04 - DEWEY DECIMAL CLASSIFICATION NUMBER | |
| Classification number | 341.48 |
| Edition number | 23 |
| 245 00 - TITLE STATEMENT | |
| Title | Research handbook on labour, business, and human rights law / |
| Statement of responsibility, etc. | edited by Janice R. Bellace, Beryl ter Haar. |
| 264 #1 - PRODUCTION, PUBLICATION, DISTRIBUTION, MANUFACTURE, AND COPYRIGHT NOTICE | |
| Place of production, publication, distribution, manufacture | Cheltenham, UK ; |
| -- | Northampton, MA : |
| Name of producer, publisher, distributor, manufacturer | Edward Elgar Publishing, |
| Date of production, publication, distribution, manufacture, or copyright notice | [2019] |
| 300 ## - PHYSICAL DESCRIPTION | |
| Extent | xi, 511 pages ; |
| Dimensions | 25 cm |
| 336 ## - | |
| -- | text |
| -- | txt |
| -- | rdacontent |
| 365 ## - TRADE PRICE | |
| Price amount | Rs. 24222.00 |
| 490 1# - SERIES STATEMENT | |
| Series statement | Research handbooks in human rights |
| 504 ## - BIBLIOGRAPHY, ETC. NOTE | |
| Bibliography, etc. note | Includes bibliographical references and index. |
| 505 0# - Contents | |
| Contents | Conceptualizing labour and human rights law -- Sources in national law -- Fundamental rights -- Business and human rights. |
| 600 17 - SUBJECT ADDED ENTRY--PERSONAL NAME | |
| Personal name | Arbeit, ... |
| Source of heading or term | gnd |
| 650 #0 - SUBJECT ADDED ENTRY--TOPICAL TERM | |
| Topical term or geographic name entry element | Labor laws and legislation. |
| 650 #0 - SUBJECT ADDED ENTRY--TOPICAL TERM | |
| Topical term or geographic name entry element | Human rights. |
| 650 #7 - SUBJECT ADDED ENTRY--TOPICAL TERM | |
| Topical term or geographic name entry element | Human rights. |
| Source of heading or term | fast |
| Authority record control number or standard number | (OCoLC)fst00963285 |
| 650 #7 - SUBJECT ADDED ENTRY--TOPICAL TERM | |
| Topical term or geographic name entry element | Labor laws and legislation. |
| Source of heading or term | fast |
| Authority record control number or standard number | (OCoLC)fst00989967 |
| 650 #7 - SUBJECT ADDED ENTRY--TOPICAL TERM | |
| Topical term or geographic name entry element | Arbeitsplatz |
| Source of heading or term | gnd |
| 650 #7 - SUBJECT ADDED ENTRY--TOPICAL TERM | |
| Topical term or geographic name entry element | Arbeitsrecht |
| Source of heading or term | gnd |
| 650 #7 - SUBJECT ADDED ENTRY--TOPICAL TERM | |
| Topical term or geographic name entry element | Grundrecht |
| Source of heading or term | gnd |
| 650 #7 - SUBJECT ADDED ENTRY--TOPICAL TERM | |
| Topical term or geographic name entry element | Menschenrecht |
| Source of heading or term | gnd |
| 700 1# - ADDED ENTRY--PERSONAL NAME | |
| Personal name | Bellace, Janice R., |
| Relator term | editor. |
| 700 1# - ADDED ENTRY--PERSONAL NAME | |
| Personal name | Haar, B. P. ter |
| Fuller form of name | (Beryl P. ter), |
| Relator term | editor. |
| 776 08 - ADDITIONAL PHYSICAL FORM ENTRY | |
| Relationship information | Online version: |
| Title | Research handbook on labour, business and human rights law. |
| Place, publisher, and date of publication | Cheltenham, UK ; Northampton, MA : Edward Elgar Publishing, [2019] |
| International Standard Book Number | 1786433117 |
| Record control number | (OCoLC)1114755890 |
| 830 #0 - SERIES ADDED ENTRY--UNIFORM TITLE | |
| Uniform title | Research handbooks in human rights. |
| 942 ## - ADDED ENTRY ELEMENTS (KOHA) | |
| Source of classification or shelving scheme | Dewey Decimal Classification |
| Koha item type | BOOKs |
| Withdrawn status | Lost status | Source of classification or shelving scheme | Materials specified (bound volume or other part) | Damaged status | Not for loan | Collection code | Home library | Current library | Shelving location | Date acquired | Source of acquisition | Cost, normal purchase price | Total Checkouts | Full call number | Barcode | Date last seen | Price effective from | Koha item type | Public note |
|---|---|---|---|---|---|---|---|---|---|---|---|---|---|---|---|---|---|---|---|
| Dewey Decimal Classification | HB | Not For Loan | Reference | NLS | NLS | REFERENCE SECTION | 17/04/2024 | Purchased - Segment Book | 24222.00 | 341.48 BEL | 39567 | 17/04/2024 | 17/04/2024 | BOOKs | Recommended by Prof. Kamala Sankaran |